[Event "ZMDI-Open 2013"]
[Site "Dresden"]
[Date "2013.08.13"]
[Round "4"]
[White "Zwahr, P."]
[Black "Das, A."]
[Result "0-1"]
[WhiteElo "2363"]
[BlackElo "2469"]
[PlyCount "72"]
[EventDate "2013.??.??"]

1. c4 Nf6 2. g3 e6 3. Bg2 d5 4. Nf3 c6 5. O-O Be7 6. b3 O-O 7. Bb2 b6 8. d3 Bb7
9. Nbd2 Nbd7 10. Qc2 a5 11. a3 Rc8 12. Rad1 b5 13. e4 Qb6 14. Rfe1 Rfe8 15. Bh3
h6 16. Bd4 Bc5 17. Bxc5 Qxc5 18. Qb2 dxe4 19. dxe4 Qh5 20. Bg2 Nc5 21. Qc3 Rcd8
22. e5 Nfd7 23. b4 axb4 24. axb4 Na4 25. Qb3 c5 26. h3 cxb4 27. g4 Qg6 28. Nh4
Qg5 29. Bxb7 Ndc5 30. Qxb4 Qxh4 31. Re3 Nxb7 32. Kg2 Nbc5 33. Nf3 Qe7 34. Rxd8
Rxd8 35. cxb5 Qd7 36. Rc3 Nd3 0-1

[Event "ZMDI-Open 2013"]
[Site "Dresden"]
[Date "2013.08.13"]
[Round "4"]
[White "Donchenko, A."]
[Black "Neef, M."]
[Result "1/2-1/2"]
[WhiteElo "2476"]
[BlackElo "2252"]
[PlyCount "106"]
[EventDate "2013.??.??"]

1. d4 Nf6 2. c4 g6 3. g3 Bg7 4. Bg2 O-O 5. Nc3 d6 6. Nf3 Nc6 7. O-O a6 8. Qd3
Bf5 9. e4 Bg4 10. Be3 Nd7 11. Ne1 e5 12. d5 Nd4 13. f3 Nc5 14. Qd1 Bc8 15. Nc2
Nxc2 16. Qxc2 a5 17. a3 a4 18. Bxc5 dxc5 19. Nxa4 Qd6 20. b3 Bd7 21. Nb2 Ra6
22. Nd3 b6 23. Rfe1 Qe7 24. Ra2 h5 25. Nf2 h4 26. Bh3 hxg3 27. hxg3 f5 28. Qc1
Raa8 29. exf5 gxf5 30. Kg2 Rf6 31. Nd3 Rg6 32. Kh2 Qd6 33. Rg2 Rh6 34. Nf2 Kf7
35. Rh1 Rah8 36. Kg1 e4 37. fxe4 Bd4 38. Kf1 Bxf2 39. Rxf2 Rxh3 40. Rxh3 Rxh3
41. Qg5 Qxg3 42. Rxf5+ Bxf5 43. Qxf5+ Kg7 44. Qd7+ Kh8 45. Qc8+ Kh7 46. Qd7+
Kg6 47. Qe6+ Kg5 48. Qf5+ Kh4 49. Qh7+ Kg4 50. Qf5+ Kh4 51. Qh7+ Kg5 52. Qf5+
Kh6 53. Qe6+ Kg5 1/2-1/2

[Event "ZMDI-Open 2013"]
[Site "Dresden"]
[Date "2013.08.13"]
[Round "4"]
[White "Wagner, D."]
[Black "Budzyn, M."]
[Result "1/2-1/2"]
[WhiteElo "2465"]
[BlackElo "2167"]
[PlyCount "110"]
[EventDate "2013.??.??"]

1. Nf3 Nf6 2. c4 g6 3. Nc3 d5 4. cxd5 Nxd5 5. Qb3 Nb6 6. d4 Bg7 7. Bf4 O-O 8.
Rd1 Nc6 9. d5 Na5 10. Qc2 Nac4 11. Bc1 Bg4 12. h3 Bxf3 13. gxf3 f5 14. h4 h5
15. f4 Nd6 16. Rg1 Kh7 17. Rd3 Rg8 18. Bg2 Nd7 19. Rg3 Bf6 20. Bf3 Bxc3+ 21.
Qxc3 Nf6 22. Qe5 c6 23. dxc6 bxc6 24. b3 Nd7 25. Qc3 Nf6 26. Qe5 Nd7 27. Qe3
Nf6 28. Qe6 Qd7 29. Qxd7 Nxd7 30. Bb2 Rac8 31. Kd2 Nf6 32. Kc2 Ng4 33. Bxg4
hxg4 34. f3 gxf3 35. exf3 c5 36. Rh1 Kh6 37. Rhg1 Kh7 38. Rh1 Kh6 39. Re1 c4
40. b4 c3 41. Bxc3 Nb5 42. Re3 e5 43. Rd3 exf4 44. Rh3 Rge8 45. a4 Nxc3 46.
Rxc3 Re2+ 47. Kb3 Re3 48. Rxe3 fxe3 49. b5 Kh5 50. Rh1 e2 51. Re1 Re8 52. Kc2
Kxh4 53. Kd2 Kg3 54. Rxe2 Rd8+ 55. Ke1 Rd4 1/2-1/2

[Event "ZMDI-Open 2013"]
[Site "Dresden"]
[Date "2013.08.13"]
[Round "4"]
[White "Vogel, R."]
[Black "Gutman, L."]
[Result "0-1"]
[WhiteElo "2072"]
[BlackElo "2441"]
[PlyCount "96"]
[EventDate "2013.??.??"]

1. d4 Nf6 2. c4 g6 3. Nc3 d5 4. Nf3 Bg7 5. Bf4 O-O 6. e3 c6 7. h3 Be6 8. Qb3
Qd7 9. c5 Ne4 10. Bd3 Nxc5 11. dxc5 d4 12. Qc2 dxc3 13. Rd1 Qc8 14. h4 Na6 15.
Bxa6 bxa6 16. bxc3 Bg4 17. h5 Qf5 18. Qxf5 Bxc3+ 19. Ke2 gxf5 20. Kd3 Bf6 21.
Kc4 Rfe8 22. Rd2 e5 23. Bg5 Bh8 24. Rd6 f4 25. e4 Be6+ 26. Kc3 f6 27. Bh4 Rad8
28. Rhd1 Rc8 29. R1d2 h6 30. Re2 Rc7 31. Nd2 Kf7 32. Nc4 Bg7 33. g3 Bf8 34.
gxf4 exf4 35. f3 Be7 36. e5 Bxc4 37. Kxc4 fxe5 38. Bxe7 Rcxe7 39. Rxh6 e4 40.
Rg2 exf3 41. Rgg6 Re4+ 42. Kd3 R8e7 43. Rf6+ Ke8 44. Rh8+ Kd7 45. Rd6+ Kc7 46.
Rdd8 f2 47. Rc8+ Kd7 48. Rcd8+ Ke6 0-1

[Event "ZMDI-Open 2013"]
[Site "Dresden"]
[Date "2013.08.13"]
[Round "4"]
[White "Fraczek, D."]
[Black "Baskin, R."]
[Result "1-0"]
[WhiteElo "2422"]
[BlackElo "2138"]
[PlyCount "129"]
[EventDate "2013.??.??"]

1. d4 Nf6 2. g3 g6 3. Bg2 Bg7 4. e4 d6 5. Nc3 O-O 6. Nge2 e5 7. h3 Nc6 8. Be3
exd4 9. Nxd4 Bd7 10. Nde2 Re8 11. O-O Ne5 12. b3 Bc6 13. Nd4 Bd7 14. Rc1 a6 15.
Re1 Rb8 16. f4 Nc6 17. Qd2 h5 18. Bf2 Nxd4 19. Bxd4 Bc6 20. Rcd1 Qd7 21. Qf2
Rbd8 22. e5 dxe5 23. Bxe5 Qc8 24. Bxc6 bxc6 25. Kh2 Nd5 26. Bxg7 Rxe1 27. Qxe1
Kxg7 28. Nxd5 cxd5 29. Qe5+ Kh7 30. Rd2 c6 31. Re2 Rd7 32. Kg2 c5 33. Qf6 d4
34. g4 Qa8+ 35. Kf2 Qd8 36. Qxd8 Rxd8 37. gxh5 d3 38. hxg6+ Kxg6 39. Rd2 dxc2
40. Rxc2 Rd5 41. Ke3 Rh5 42. Ke4 Kf6 43. Rd2 Ke6 44. f5+ Ke7 45. Rd3 f6 46. a4
a5 47. Rd5 Rh4+ 48. Kd3 Rb4 49. Kc3 c4 50. bxc4 Rxa4 51. h4 Ra3+ 52. Kd4 a4 53.
Ra5 Ra1 54. Ra7+ Kd6 55. Ra6+ Ke7 56. Kc5 Rf1 57. Ra7+ Kf8 58. Kd6 Rxf5 59. c5
Rf1 60. Rxa4 Rd1+ 61. Ke6 f5 62. Rf4 Re1+ 63. Kf6 Ke8 64. Rxf5 Kd7 65. h5 1-0

[Event "ZMDI-Open 2013"]
[Site "Dresden"]
[Date "2013.08.13"]
[Round "4"]
[White "Wichmann, C."]
[Black "Günnigmann, M."]
[Result "1/2-1/2"]
[WhiteElo "2360"]
[BlackElo "2140"]
[PlyCount "89"]
[EventDate "2013.??.??"]

1. d4 Nf6 2. c4 g6 3. Nc3 d5 4. Nf3 Bg7 5. Bf4 O-O 6. e3 c5 7. dxc5 Qa5 8. Rc1
dxc4 9. Bxc4 Qxc5 10. Bb3 Nc6 11. O-O Qa5 12. Qe2 Nh5 13. Nd5 Nxf4 14. exf4 Bg4
15. Nxe7+ Nxe7 16. Qxe7 Bxf3 17. gxf3 Qf5 18. Qe4 Qxe4 19. fxe4 Rae8 20. Bd5
Re7 21. Rc4 Bh6 22. f5 gxf5 23. exf5 Rd7 24. Bf3 Bg7 25. Rb4 b6 26. b3 Rd4 27.
Rxd4 Bxd4 28. Rd1 Rd8 29. Kg2 Kg7 30. Be4 Kf6 31. f4 Rg8+ 32. Kf3 Bc5 33. Rd7
a5 34. Bd5 Rf8 35. Rc7 Kxf5 36. Be4+ Kf6 37. Rc6+ Kg7 38. f5 f6 39. Bd5 Re8 40.
Be6 Rd8 41. Rc7+ Kh6 42. Rf7 Rd3+ 43. Ke4 Rd4+ 44. Kf3 Rd3+ 45. Ke4 1/2-1/2

[Event "ZMDI-Open 2013"]
[Site "Dresden"]
[Date "2013.08.13"]
[Round "4"]
[White "Siedentopf, D."]
[Black "Schnoor, E."]
[Result "1-0"]
[WhiteElo "2311"]
[BlackElo "2059"]
[PlyCount "45"]
[EventDate "2013.??.??"]

1. d4 Nf6 2. c4 b6 3. f3 Nc6 4. Nc3 e5 5. d5 Ne7 6. Nh3 Ng6 7. Nf2 Be7 8. g3 h5
9. h4 a5 10. e3 Ba6 11. Bd3 Nf8 12. Qe2 g6 13. f4 exf4 14. exf4 d6 15. Be3 N8d7
16. Bd4 Kf8 17. O-O-O Nc5 18. f5 Nxd3+ 19. Qxd3 Rg8 20. Rde1 Bc8 21. Qe3 gxf5
22. Qh6+ Rg7 23. Rxe7 1-0

[Event "ZMDI-Open 2013"]
[Site "Dresden"]
[Date "2013.08.13"]
[Round "4"]
[White "Vrublevskaya, O."]
[Black "Osmanodja, F."]
[Result "1-0"]
[WhiteElo "2176"]
[BlackElo "2290"]
[PlyCount "106"]
[EventDate "2013.??.??"]

1. d4 Nf6 2. c4 e6 3. Nf3 Bb4+ 4. Nbd2 b6 5. a3 Bxd2+ 6. Qxd2 Bb7 7. e3 O-O 8.
Be2 a5 9. b3 d6 10. Bb2 Nbd7 11. O-O Qe7 12. Rad1 e5 13. d5 b5 14. Qc2 Rfc8 15.
cxb5 Bxd5 16. Bc4 Be4 17. Qd2 h6 18. Ne1 Bb7 19. f4 exf4 20. exf4 d5 21. Bd3
Nc5 22. Bc2 Nfe4 23. Qe2 Re8 24. Qf3 Ne6 25. Nd3 d4 26. Ne5 N4c5 27. Nc6 Bxc6
28. bxc6 Rad8 29. b4 axb4 30. axb4 d3 31. Bb1 Na4 32. Be5 f6 33. Ba2 Kh8 34.
Bxe6 Qxe6 35. Bxc7 Rc8 36. Ba5 Nb2 37. Rd2 Nc4 38. Rxd3 Rxc6 39. b5 Rcc8 40.
Bc3 Qb6+ 41. Qf2 Qxb5 42. Rfd1 Nb6 43. h3 Na4 44. Bxf6 gxf6 45. Qh4 Qc5+ 46.
Kh2 Qf8 47. Rd6 Rc2 48. R1d3 Kh7 49. Rxf6 Rxg2+ 50. Kxg2 Qg7+ 51. Qg4 Rb8 52.
Rxh6+ Kg8 53. Rd8+ Rxd8 1-0

[Event "ZMDI-Open 2013"]
[Site "Dresden"]
[Date "2013.08.13"]
[Round "4"]
[White "Sergeev, V."]
[Black "Böhm, R."]
[Result "1-0"]
[WhiteElo "2432"]
[BlackElo "2178"]
[PlyCount "103"]
[EventDate "2013.??.??"]

1. Nf3 Nf6 2. g3 d5 3. c4 c6 4. Qa4 dxc4 5. Qxc4 b5 6. Qc2 Bb7 7. Bg2 e6 8. O-O
Be7 9. Nc3 a6 10. a4 O-O 11. d3 Nd5 12. Nxd5 cxd5 13. axb5 axb5 14. Be3 Nc6 15.
Qb3 b4 16. Rfc1 Qd7 17. Nd4 Nxd4 18. Bxd4 Rxa1 19. Rxa1 Ra8 20. Rxa8+ Bxa8 21.
Qa2 Bc6 22. Qa5 h6 23. f4 Qb7 24. Kf2 f6 25. Ke1 Qb5 26. Qa7 Qb7 27. Qxb7 Bxb7
28. Kd2 Bc6 29. Kc2 Ba4+ 30. Kc1 Kf7 31. e4 dxe4 32. dxe4 Bc6 33. Kc2 Ba4+ 34.
Kd3 Bb5+ 35. Ke3 Bc6 36. Bf1 Ke8 37. Bc4 Kd7 38. Kd3 Ba4 39. e5 fxe5 40. Bxe5
g5 41. Kd4 h5 42. fxg5 Bxg5 43. h4 Be7 44. Be2 Kc6 45. Bf3+ Kb6 46. Bxh5 Bc5+
47. Ke4 Bc2+ 48. Kf4 Bf8 49. g4 Kc5 50. g5 Kd5 51. Bf3+ Kc4 52. h5 1-0

[Event "ZMDI-Open 2013"]
[Site "Dresden"]
[Date "2013.08.13"]
[Round "4"]
[White "Rjabzev, K."]
[Black "Urban, L."]
[Result "1/2-1/2"]
[WhiteElo "2287"]
[BlackElo "2127"]
[PlyCount "98"]
[EventDate "2013.??.??"]

1. e4 e6 2. d4 d5 3. Nd2 b6 4. Ngf3 Nf6 5. e5 Nfd7 6. c4 Bb7 7. cxd5 exd5 8.
Bd3 c5 9. O-O Be7 10. Re1 Nc6 11. Nf1 Nf8 12. Ne3 Ne6 13. Nf5 g5 14. Bb5 a6 15.
Bxc6+ Bxc6 16. Nd6+ Bxd6 17. exd6 Qxd6 18. Nxg5 Ra7 19. Qh5 Kd8 20. Nxf7+ Rxf7
21. Qxf7 Nxd4 22. Bg5+ Kc8 23. Qf6 Qf8 24. Re7 Rg8 25. Qd6 Qd8 26. Qxd8+ Rxd8
27. Rae1 Rg8 28. h4 h6 29. Bxh6 Nf3+ 30. Kh1 Nxe1 31. Rxe1 d4 32. f3 d3 33. Bg5
c4 34. a3 c3 35. bxc3 Rxg5 36. hxg5 Ba4 37. g6 d2 38. Rb1 d1=Q+ 39. Rxd1 Bxd1
40. Kh2 Kd7 41. g7 Bb3 42. Kg3 Ke7 43. Kf4 Kf6 44. g4 Kxg7 45. Ke5 Bd1 46. Kd6
Bxf3 47. c4 b5 48. cxb5 axb5 49. Ke5 Be2 1/2-1/2

[Event "ZMDI-Open 2013"]
[Site "Dresden"]
[Date "2013.08.13"]
[Round "4"]
[White "Grohde, W."]
[Black "Bräuer, F."]
[Result "1/2-1/2"]
[WhiteElo "2141"]
[BlackElo "2282"]
[PlyCount "100"]
[EventDate "2013.??.??"]

1. d4 Nf6 2. Nf3 e6 3. Nbd2 c5 4. e3 b6 5. Bd3 Bb7 6. O-O Nc6 7. c3 Be7 8. Qe2
d5 9. Ne5 O-O 10. f4 Bd6 11. Qf3 Ne7 12. g4 Nd7 13. Qh3 f5 14. Ndf3 Qc8 15.
Nxd7 Qxd7 16. Bd2 a5 17. Rf2 Rf6 18. g5 Rff8 19. Ne5 Qd8 20. Rg2 c4 21. Be2
Bxe5 22. fxe5 Bc6 23. Rf1 b5 24. Qg3 g6 25. h4 Be8 26. Qe1 Nc6 27. Kh2 Qb6 28.
a3 Rb8 29. Qg3 Rf7 30. Rgg1 b4 31. axb4 axb4 32. Ra1 Ra7 33. Rgd1 Rba8 34. Qe1
bxc3 35. Bxc3 Na5 36. Rdb1 Nb3 37. Rxa7 Rxa7 38. Bd1 Na5 39. Ra1 Nc6 40. Rxa7
Qxa7 41. Bc2 Kg7 42. Kg3 Nd8 43. Kf4 Nc6 44. Qb1 h6 45. Qg1 Qe7 46. gxh6+ Kxh6
47. Qg5+ Qxg5+ 48. hxg5+ Kg7 49. Ba4 Kf7 50. Bxc6 Bxc6 1/2-1/2

[Event "ZMDI-Open 2013"]
[Site "Dresden"]
[Date "2013.08.13"]
[Round "4"]
[White "Rudolf, M."]
[Black "Hess, C."]
[Result "0-1"]
[WhiteElo "2108"]
[BlackElo "2273"]
[PlyCount "100"]
[EventDate "2013.??.??"]

1. e4 c6 2. d4 d5 3. Nc3 dxe4 4. Nxe4 Bf5 5. Ng3 Bg6 6. h4 h6 7. Nf3 Nd7 8. h5
Bh7 9. Bd3 Bxd3 10. Qxd3 e6 11. Bf4 Qa5+ 12. Bd2 Qc7 13. O-O-O Ngf6 14. Ne4
O-O-O 15. g3 Nxe4 16. Qxe4 Bd6 17. c4 c5 18. Bc3 cxd4 19. Nxd4 Nc5 20. Qg4 a6
21. b3 Be5 22. Kc2 Rd7 23. Rd2 f5 24. Qe2 Ne4 25. Re1 Rhd8 26. Nxe6 Bxc3 27.
Rxd7 Qxd7 28. Nxd8 Bxe1 29. f3 Kxd8 30. Qxe1 Nf6 31. Qe5 Nxh5 32. g4 Nf6 33.
gxf5 Qc6 34. Kc3 Qxf3+ 35. Kb4 Qc6 36. Qb8+ Kd7 37. Qh8 Qd6+ 38. Ka4 Qe7 39.
Qb8 Kc6 40. b4 Qc7 41. Qf8 b5+ 42. cxb5+ axb5+ 43. Kb3 Qg3+ 44. Kb2 Qe5+ 45.
Kb3 Qxf5 46. Qxg7 Qe6+ 47. Kb2 Nd5 48. Qg2 Qe5+ 49. Kb1 Qe1+ 50. Kc2 Qc3+ 0-1

[Event "ZMDI-Open 2013"]
[Site "Dresden"]
[Date "2013.08.13"]
[Round "4"]
[White "Shvayger, Y."]
[Black "Mertens, F."]
[Result "1-0"]
[WhiteElo "2265"]
[BlackElo "2097"]
[PlyCount "87"]
[EventDate "2013.??.??"]

1. e4 c5 2. Ne2 d6 3. g3 Nc6 4. Bg2 g6 5. c3 Bg7 6. d4 cxd4 7. cxd4 Qb6 8. Nbc3
Nf6 9. O-O O-O 10. h3 a6 11. Be3 Qd8 12. Qd2 Re8 13. b3 e5 14. d5 Ne7 15. a4
Nd7 16. a5 f5 17. Na4 b5 18. axb6 fxe4 19. Nec3 Nf6 20. Bg5 Nf5 21. Nxe4 Nd4
22. Qb4 Bf5 23. Bxf6 Bxf6 24. Qxd6 Bxe4 25. Qxd8 Bxd8 26. Bxe4 Rb8 27. b4 Nb3
28. Ra2 Bxb6 29. Rb1 Nd4 30. Nc5 Re7 31. Nxa6 Rf8 32. Nc5 Nb5 33. Ra6 Rf6 34.
Bd3 Nc7 35. Raa1 Kg7 36. Ne4 Rf8 37. d6 Rd7 38. Rc1 Ne8 39. Ra6 Bd4 40. Rc2
Rdf7 41. Bb5 h6 42. d7 Nf6 43. Nxf6 Rxf6 44. Rxf6 1-0

[Event "ZMDI-Open 2013"]
[Site "Dresden"]
[Date "2013.08.13"]
[Round "4"]
[White "Frey, A."]
[Black "Müller, M."]
[Result "0-1"]
[WhiteElo "2089"]
[BlackElo "2264"]
[PlyCount "80"]
[EventDate "2013.??.??"]

1. e4 c5 2. Nf3 d6 3. d4 cxd4 4. Nxd4 Nc6 5. Nc3 g6 6. Be3 Bg7 7. Qd2 Nf6 8. f3
h5 9. Bc4 Bd7 10. O-O-O Rc8 11. Kb1 Na5 12. Bb3 a6 13. h3 h4 14. Qf2 Nc4 15.
Rhe1 Rh5 16. f4 Nxb2 17. Kxb2 Rxc3 18. Bd2 Rcc5 19. Kb1 a5 20. e5 a4 21. Bb4
axb3 22. Nxb3 Rd5 23. exf6 Rxd1+ 24. Rxd1 Bxf6 25. Qd2 Be6 26. Bc3 Bxc3 27.
Qxc3 Qb6 28. Ka1 Bd5 29. Rd2 Qc6 30. Qg7 Kd7 31. Kb1 Qc4 32. Qf8 Qxf4 33. Qb8
Qb4 34. Rd4 Qb6 35. Rd2 Re5 36. Qh8 g5 37. Qh7 Qe3 38. Rd3 Qe1+ 39. Kb2 Be4 40.
Qxf7 Bxd3 0-1

[Event "ZMDI-Open 2013"]
[Site "Dresden"]
[Date "2013.08.13"]
[Round "4"]
[White "Holm, S."]
[Black "Hentze, M."]
[Result "1-0"]
[WhiteElo "2256"]
[BlackElo "2106"]
[PlyCount "93"]
[EventDate "2013.??.??"]

1. d4 d5 2. Nf3 c6 3. c4 Nf6 4. e3 a6 5. Bd3 g6 6. O-O Bg7 7. Nc3 b5 8. cxd5
cxd5 9. Bd2 O-O 10. Qb3 Nc6 11. Ne5 Qd6 12. Nxc6 Qxc6 13. a4 bxa4 14. Qxa4 Qb6
15. Qa3 Bf5 16. Bxf5 gxf5 17. Qxe7 Qxb2 18. Ra2 Qb3 19. Rfa1 Qc4 20. g3 Qd3 21.
Qa3 Kh8 22. Na4 Qe4 23. Nc5 Qg4 24. Qc1 Rac8 25. Qe1 Qh3 26. Qf1 Qh5 27. f3 Ng8
28. Rxa6 Rfe8 29. Nd3 Rc2 30. R1a2 Rxd2 31. Rxd2 Rxe3 32. Nf4 Qg5 33. Rd3 Re8
34. Rd6 Rc8 35. Rxd5 Ne7 36. Rb5 Rc4 37. Rb8+ Ng8 38. Qd1 Qe7 39. Rbb3 Qa7 40.
Ne2 Ne7 41. Ra3 Qb6 42. Qb3 Qe6 43. Re3 Bxd4 44. Nxd4 Qd5 45. Ne2 Qc5 46. Qb2+
Kg8 47. Qe5 1-0

[Event "ZMDI-Open 2013"]
[Site "Dresden"]
[Date "2013.08.13"]
[Round "4"]
[White "Pietzsch, M."]
[Black "Barthel, A."]
[Result "1/2-1/2"]
[WhiteElo "2086"]
[BlackElo "2244"]
[PlyCount "67"]
[EventDate "2013.??.??"]

1. e4 Nf6 2. Nc3 d6 3. d4 c6 4. f4 Qa5 5. e5 Ne4 6. Bd3 Nxc3 7. Qd2 g6 8. bxc3
Bg7 9. Nf3 O-O 10. O-O c5 11. d5 dxe5 12. Nxe5 Nd7 13. Re1 Nxe5 14. fxe5 c4 15.
Bxc4 Bf5 16. Bb3 e6 17. c4 Qc5+ 18. Qe3 Qxe3+ 19. Rxe3 a5 20. a4 Rac8 21. Ba3
exd5 22. Bxf8 Bxf8 23. cxd5 Bc5 24. Rae1 Bxc2 25. Bxc2 Bxe3+ 26. Rxe3 Rxc2 27.
Rb3 Rc5 28. Rxb7 Rxd5 29. Rb5 Rd2 30. Rxa5 Ra2 31. Ra8+ Kg7 32. a5 Re2 33. Re8
Ra2 34. Ra8 1/2-1/2

[Event "ZMDI-Open 2013"]
[Site "Dresden"]
[Date "2013.08.13"]
[Round "4"]
[White "Paul, J."]
[Black "Hecht, C."]
[Result "1-0"]
[WhiteElo "2238"]
[BlackElo "2087"]
[PlyCount "67"]
[EventDate "2013.??.??"]

1. c4 Nf6 2. g3 g6 3. Bg2 Bg7 4. Nc3 O-O 5. d4 c6 6. e4 d6 7. Nge2 e5 8. O-O
Nbd7 9. h3 exd4 10. Nxd4 Re8 11. Be3 Qe7 12. Re1 Nc5 13. Bf4 Nfd7 14. Be3 Ne5
15. b3 Ne6 16. Nde2 Nc5 17. Kh2 Ned3 18. Rf1 f5 19. exf5 Bxf5 20. Nd4 Qf7 21.
Qd2 Re7 22. Rad1 Rae8 23. Nce2 Ne4 24. Qxd3 Nxf2 25. Nxf5 Nxd3 26. Nxe7+ Qxe7
27. Rxd3 a6 28. Nc3 Be5 29. Ne4 Rf8 30. Bg5 Qe6 31. Rfd1 Rf5 32. h4 h6 33. Bxh6
Rh5 34. Bg5 1-0

[Event "ZMDI-Open 2013"]
[Site "Dresden"]
[Date "2013.08.13"]
[Round "4"]
[White "Mager, D."]
[Black "Petzold, G."]
[Result "1/2-1/2"]
[WhiteElo "2006"]
[BlackElo "2238"]
[PlyCount "174"]
[EventDate "2013.??.??"]

1. c4 e6 2. Nc3 d5 3. d4 Nf6 4. cxd5 exd5 5. Bg5 c6 6. e3 Bf5 7. Bd3 Bxd3 8.
Qxd3 Be7 9. Nf3 Nbd7 10. O-O O-O 11. Rab1 a5 12. Nd2 Re8 13. Rfe1 Nf8 14. Rbc1
Ne6 15. Bxf6 Bxf6 16. Na4 Be7 17. Nb3 Bd6 18. Rc2 Qh4 19. h3 Nf4 20. Qf5 Re6
21. Kf1 Rf6 22. Qg4 Qxg4 23. hxg4 Nd3 24. Ra1 Nb4 25. Re2 Rh6 26. Kg1 b5 27.
Nac5 a4 28. Nc1 Bxc5 29. dxc5 Re6 30. a3 Na6 31. b4 axb3 32. Nxb3 Re4 33. Rc2
Rxg4 34. Nd4 Rg6 35. a4 b4 36. a5 h5 37. Ra4 Rb8 38. Rb2 Kf8 39. f3 Ke8 40. Kf1
Kd7 41. Nb3 Re8 42. Kf2 Rge6 43. Re2 g6 44. Raa2 Kc7 45. Rad2 R6e7 46. Rd4 Rb8
47. Rb2 Rb5 48. Rc2 g5 49. Rd1 h4 50. Ra1 Kb7 51. Ke2 Kc7 52. Kd3 Rb8 53. Rb1
Rbe8 54. Re2 f5 55. Rbb2 g4 56. Rb1 h3 57. fxg4 fxg4 58. gxh3 gxh3 59. Rh1 Rh7
60. Reh2 Reh8 61. Ke2 Rh4 62. Kf3 R8h7 63. Kg3 Re4 64. Rxh3 Rxe3+ 65. Kg4 Re4+
66. Kf5 Rf7+ 67. Kg6 Ree7 68. Rh4 Rg7+ 69. Kf6 Kd7 70. R1h3 Ref7+ 71. Ke5 Re7+
72. Kf6 Ref7+ 73. Ke5 Rg5+ 74. Kd4 Nc7 75. Ke3 Na6 76. Kd4 Rgf5 77. Ke3 Kc7 78.
Kd4 Kb7 79. Rh7 Nc7 80. R3h6 Rf3 81. Rxf7 Rxf7 82. Ke5 Nb5 83. a6+ Kc7 84. Na5
Re7+ 85. Kf4 Na7 86. Kf5 d4 87. Rd6 Re1 1/2-1/2

[Event "ZMDI-Open 2013"]
[Site "Dresden"]
[Date "2013.08.13"]
[Round "4"]
[White "Kieslich, A."]
[Black "Bogomolow, S."]
[Result "0-1"]
[WhiteElo "2011"]
[BlackElo "2206"]
[PlyCount "58"]
[EventDate "2013.??.??"]

1. d4 Nf6 2. c4 e6 3. Nc3 Bb4 4. e3 O-O 5. Nge2 d5 6. a3 Be7 7. cxd5 Nxd5 8. e4
Nb6 9. Nf4 c5 10. d5 e5 11. Nd3 N8d7 12. Be2 c4 13. Nb4 Nc5 14. Be3 f5 15. f3
Kh8 16. O-O Bd6 17. Nc2 Bd7 18. Bf2 Rc8 19. Rb1 fxe4 20. Nxe4 Bf5 21. Ng3 Bg6
22. Rc1 Nb3 23. Rb1 Bc5 24. Bxc5 Rxc5 25. Rc1 Rxd5 26. Qe1 Nxc1 27. Qxc1 Rd2
28. Nb4 a5 29. Na2 Qd4+ 0-1

[Event "ZMDI-Open 2013"]
[Site "Dresden"]
[Date "2013.08.13"]
[Round "4"]
[White "Chlost, M."]
[Black "Sturm, T."]
[Result "1/2-1/2"]
[WhiteElo "2183"]
[BlackElo "2030"]
[PlyCount "57"]
[EventDate "2013.??.??"]

1. e4 c6 2. d4 d5 3. Nc3 dxe4 4. Nxe4 Nd7 5. Ng5 Ngf6 6. Bd3 e6 7. N1f3 Bd6 8.
Qe2 h6 9. Ne4 Nxe4 10. Qxe4 Nf6 11. Qe2 O-O 12. Bd2 Qc7 13. O-O-O Bf4 14. Ne5
Bxd2+ 15. Rxd2 Qa5 16. Kb1 Nd5 17. c3 Nf4 18. Qe4 Nxd3 19. Rxd3 Qd5 20. Qg4 h5
21. Qh4 f6 22. Ng6 Qxg2 23. Qxh5 Qxh1+ 24. Kc2 Re8 25. Nh8 Re7 26. Ng6 Re8 27.
Nh8 Re7 28. Ng6 Re8 29. Nh8 1/2-1/2

[Event "ZMDI-Open 2013"]
[Site "Dresden"]
[Date "2013.08.13"]
[Round "4"]
[White "Müller-Dehn, C."]
[Black "Faldum, M."]
[Result "1/2-1/2"]
[WhiteElo "2181"]
[BlackElo "1886"]
[PlyCount "93"]
[EventDate "2013.??.??"]

1. d4 Nf6 2. c4 g6 3. Nc3 Bg7 4. e4 d6 5. f3 O-O 6. Nge2 Nc6 7. d5 Na5 8. Ng3
c5 9. Be2 a6 10. Bg5 h6 11. Be3 Nd7 12. Qc1 Kh7 13. Rb1 Rb8 14. b4 cxb4 15.
Rxb4 Nc5 16. O-O Bd7 17. Qa3 Qc7 18. Rfb1 b6 19. Qc1 Rb7 20. Qd2 Rfb8 21. h4 h5
22. Kh2 b5 23. cxb5 Bxc3 24. Qxc3 Bxb5 25. Bxb5 Rxb5 26. a3 Ne6 27. Qxc7 Nxc7
28. Rc1 Ne8 29. Ba7 R8b7 30. Rc8 Rxa7 31. Rxe8 Rab7 32. Ra8 Rxb4 33. axb4 Rxb4
34. Rxa6 Nb7 35. Rc6 Nc5 36. Ne2 f6 37. Rc7 Rb7 38. Rc8 Kg7 39. Nd4 Kf7 40. Nc6
Rd7 41. Kg3 Kg7 42. Nd4 Kf7 43. Kf4 Nd3+ 44. Ke3 Nc5 45. g4 hxg4 46. fxg4 Ra7
47. h5 1/2-1/2

[Event "ZMDI-Open 2013"]
[Site "Dresden"]
[Date "2013.08.13"]
[Round "4"]
[White "Linnemann, N."]
[Black "Andre, G."]
[Result "0-1"]
[WhiteElo "1948"]
[BlackElo "2333"]
[PlyCount "76"]
[EventDate "2013.??.??"]

1. e4 d6 2. d4 g6 3. f4 Bg7 4. Nf3 a6 5. a4 b6 6. Bd3 e6 7. O-O Ne7 8. Be3 O-O
9. Bf2 f5 10. e5 Nd5 11. Bh4 Qd7 12. Qd2 c5 13. dxc5 bxc5 14. Bf2 Nc6 15. Nc3
dxe5 16. fxe5 Nxe5 17. Bxc5 Nxf3+ 18. gxf3 Rd8 19. Nxd5 Qxd5 20. Ba3 Rb8 21.
Rab1 Qd4+ 22. Kg2 Bb7 23. h3 Qxa4 24. Qe2 e5 25. Rbd1 Kh8 26. Be7 Re8 27. b3
Qf4 28. Bd6 Rbd8 29. Bxa6 Ba8 30. Bb5 Rg8 31. Bc4 Rxd6 32. Bxg8 e4 33. Rxd6 Be5
34. Kh1 Bxd6 35. Bc4 exf3 36. Qf2 Qh4 37. Bd3 Qxh3+ 38. Kg1 Bc5 0-1

[Event "ZMDI-Open 2013"]
[Site "Dresden"]
[Date "2013.08.13"]
[Round "4"]
[White "Hansch, T."]
[Black "Schöne, M."]
[Result "0-1"]
[WhiteElo "2116"]
[BlackElo "2240"]
[PlyCount "106"]
[EventDate "2013.??.??"]

1. d4 Nf6 2. c4 g6 3. Nc3 Bg7 4. Nf3 d6 5. g3 O-O 6. Bg2 Nc6 7. O-O a6 8. Qd3
Bd7 9. d5 Nb4 10. Qd1 a5 11. a3 Na6 12. Be3 Nc5 13. b4 axb4 14. axb4 Rxa1 15.
Qxa1 Nfe4 16. Bd4 Nb3 17. Qd1 Nxd4 18. Nxe4 Nxf3+ 19. Bxf3 Qa8 20. Qb3 Qa7 21.
c5 Ra8 22. Kg2 Qa4 23. Qxa4 Rxa4 24. cxd6 cxd6 25. Rc1 Rxb4 26. Rc7 Bf5 27. Nd2
g5 28. e4 Bg6 29. Rxe7 Bc3 30. Nf1 g4 31. Bxg4 Rxe4 32. Rxe4 Bxe4+ 33. Bf3 Bd3
34. Ne3 Kg7 35. Bd1 Kf6 36. f4 Be4+ 37. Kf2 Bd4 38. Bb3 Ke7 39. Ke2 Kd7 40. g4
Kc7 41. g5 Kb6 42. h4 Kc5 43. h5 Bxe3 44. Kxe3 Bf5 45. Ba4 b5 46. Bd1 b4 47.
Bb3 Bb1 48. Kf3 Kd4 49. Kg4 Kc3 50. Ba4 b3 51. Bxb3 Kxb3 52. f5 Kc4 53. Kf4
Kxd5 0-1

[Event "ZMDI-Open 2013"]
[Site "Dresden"]
[Date "2013.08.13"]
[Round "4"]
[White "Rozov, B."]
[Black "Sponheim, M."]
[Result "1-0"]
[WhiteElo "2152"]
[BlackElo "2073"]
[PlyCount "87"]
[EventDate "2013.??.??"]

1. d4 Nf6 2. Nc3 d5 3. Bg5 Nbd7 4. Nf3 g6 5. Qd2 Ne4 6. Nxe4 dxe4 7. Ng1 h6 8.
Bf4 Bg7 9. O-O-O b6 10. f3 Bb7 11. fxe4 Bxe4 12. Nf3 Rc8 13. e3 O-O 14. Ba6 Rb8
15. Bd3 Nf6 16. Be5 Bxd3 17. Qxd3 b5 18. Kb1 Rb7 19. e4 c6 20. Rhe1 Rd7 21. h3
Qb6 22. Qe3 Rfd8 23. c3 Ne8 24. Bxg7 Kxg7 25. Ne5 Rd6 26. Rf1 Nf6 27. Nxf7 Kxf7
28. e5 Re6 29. Qxh6 Rg8 30. exf6 exf6 31. Rde1 Rxe1+ 32. Rxe1 Qc7 33. Qe3 Qd7
34. Kc1 a5 35. g4 g5 36. Qe4 Rh8 37. Re3 Qd6 38. Rf3 a4 39. a3 Re8 40. Qh7+ Kf8
41. Qh6+ Kf7 42. Qxg5 Re1+ 43. Kd2 Qe6 44. Rxf6+ 1-0

[Event "ZMDI-Open 2013"]
[Site "Dresden"]
[Date "2013.08.13"]
[Round "4"]
[White "Jürgens, K."]
[Black "Wilhelm, T."]
[Result "1-0"]
[WhiteElo "2148"]
[BlackElo "2013"]
[PlyCount "95"]
[EventDate "2013.??.??"]

1. Nf3 Nf6 2. c4 g6 3. Nc3 Bg7 4. e4 O-O 5. d4 d6 6. h3 c5 7. d5 e6 8. Bd3 Na6
9. O-O Nc7 10. Re1 h6 11. Be3 exd5 12. exd5 b5 13. Qd2 bxc4 14. Bxc4 Kh7 15.
Bf4 Rb8 16. b3 Ba6 17. Qd3 Bxc4 18. bxc4 Qd7 19. Rab1 Rfe8 20. Rxe8 Rxb1+ 21.
Qxb1 Nfxe8 22. Nd1 Qa4 23. Ne3 Bd4 24. Qe4 Bxe3 25. Bxe3 Qxa2 26. Qe7 Qa1+ 27.
Kh2 Qf6 28. Qd7 Kg7 29. Qa4 a6 30. Bd2 Qe7 31. Qa1+ f6 32. Ba5 Kf7 33. Qa4 f5
34. Qc6 g5 35. g3 Qd8 36. h4 g4 37. Ne1 Ke7 38. Nd3 Qd7 39. Qb7 Kf8 40. Nf4 Ke7
41. Kg2 Qd8 42. Qc6 Qa8 43. Ng6+ Kf6 44. Qd7 Nxd5 45. cxd5 Qxd5+ 46. Kh2 Ng7
47. Nf4 Qf3 48. Bc3+ 1-0

[Event "ZMDI-Open 2013"]
[Site "Dresden"]
[Date "2013.08.13"]
[Round "4"]
[White "Stock, A."]
[Black "Hansch, K."]
[Result "1/2-1/2"]
[WhiteElo "2107"]
[BlackElo "2141"]
[PlyCount "27"]
[EventDate "2013.??.??"]

1. c4 Nf6 2. Nc3 g6 3. g3 Bg7 4. Bg2 O-O 5. e4 d6 6. Nge2 c5 7. O-O Nc6 8. a3
Ne8 9. Rb1 Nc7 10. b4 Ne6 11. b5 Ncd4 12. d3 Nxe2+ 13. Nxe2 Nd4 14. Nxd4
1/2-1/2